00269nam a2200097 a 450000500170000000800410001705000240005824500490008265000240013165000160015520140414093837.0030922s19uu xx 00 eng d aVCD 220.9bPha 1996 aPharaohs and kings :ba biblical quest III. aBiblexAntiquities. aArcheology.